Spacing as an alternative strategy: India's family welfare programme (Record no. 95033)

MARC details
000 -LEADER
fixed length control field 00428nam a2200157Ia 4500
008 - FIXED-LENGTH DATA ELEMENTS--GENERAL INFORMATION
fixed length control field 230917s9999||||xx |||||||||||||| ||und||
020 ## - ISBN
Price RS175
040 ## - CATALOGING SOURCE
-- 22973
Original cataloging agency VIVEKANANDA LIBRARY
041 ## - Language
-- English
082 ## - DDC NUMBER
Classification number 301.426 K527S
100 ## - MAIN ENTRY--PERSONAL NAME
Personal name Khan, M E
245 #0 - TITLE STATEMENT
Title Spacing as an alternative strategy: India's family welfare programme
260 ## - PUBLICATION, DISTRIBUTION, ETC. (IMPRINT)
Place of publication, distribution, etc New Delhi
Name of publisher, distributor, etc B R Publishing Corporation
Date of publication, distribution, etc 1996
300 ## - PHYSICAL DESCRIPTION
Pages x, 241 p.
942 ## - ADDED ENTRY ELEMENTS (KOHA)
Koha item type Books
Holdings
Withdrawn status Lost status Damaged status Not for loan Location (home branch) Sublocation or collection (holding branch) Date acquired Koha issues (times borrowed) Koha full call number Accession No. Koha date last seen Koha item type
        VIVEKANANDA LIBRARY VIVEKANANDA LIBRARY 08/08/2002   301.426 K527S 177208 17/09/2023 Books
© Designed and Maintained by Vivekananda Library, MDU Rohtak